| 000 | 01151nam a22001937a 4500 | ||
|---|---|---|---|
| 005 | 20241203152614.0 | ||
| 008 | 230718b ||||| |||| 00| 0 eng d | ||
| 040 | _cSSBUL | ||
| 082 |
_a၃၀၄.၂၉၅၉၁ ထွန်း _223 _b၁၆၀၃၃ S-SAT |
||
| 100 | 0 |
_aထွန်းအောင်၊ _cဦး။ _928095 |
|
| 245 | 1 | 0 |
_aပြည်ထောင်စုမြန်မာနိုင်ငံ လူမှုပထဝီ/ _cဦးထွန်းအောင်၊ ဦးဘိုးသွယ်နှင့် ဆရာကြီးဦးတိုးမြိုင်။ |
| 260 |
_aရန်ကုန် ၊ _b[ဦးထွန်းအောင်]၊ _c[ခုနှစ်မပါ]။ |
||
| 300 |
_aဇ၊ ၂၆၀ စာမျက်နှာ၊ _bမြေပုံများ၊ _c၂၂ စင်တီ။ |
||
| 500 | _aS-SAT: Dr. Sai Aung Tun Collection | ||
| 650 |
_aလူမှုပထဝီ _zမြန်မာနိုင်ငံ။ _928096 |
||
| 700 |
_aဘိုးသွယ်၊ _cဦး။ _928097 |
||
| 700 |
_aတိုးမြိုင်၊ _cဦး၊ ဆရာကြီး။ _928098 |
||
| 942 |
_2ddc _cBK1 |
||
| 999 |
_c27286 _d27286 |
||